000
00380nam a22001217a 4500
040
_c
SK
082
_a
338
100
_a
គុំ សារ៉ូន
245
_a
គោលនយោបាយ និងយុទ្ធសាស្រ្តក្នុងការអភិវឌ្ឍវិស័យកសិកម្ម
260
_a
RUA
_b
KOM
_c
2012
300
_a
32p.
942
_c
KB
999
_c
9446
_d
9446